Digital image processing(Piks inside) (Record no. 172161)

MARC details
000 -LEADER
fixed length control field 00431nam a2200169Ia 4500
008 - FIXED-LENGTH DATA ELEMENTS--GENERAL INFORMATION
fixed length control field 231217s9999 xx 000 0 und d
041 ## - LANGUAGE CODE
Language code of text/sound track or separate title English
082 ## - DEWEY DECIMAL CLASSIFICATION NUMBER
Classification number 621.367 PRA;3
100 ## - MAIN ENTRY--PERSONAL NAME
Personal name Pratt, William K
245 #0 - TITLE STATEMENT
Title Digital image processing(Piks inside)
250 ## - EDITION STATEMENT
Edition statement 3rd ed.
260 ## - PUBLICATION, DISTRIBUTION, ETC.
Date of publication, distribution, etc. 2001
Name of publisher, distributor, etc. John Wiley
Place of publication, distribution, etc. New York
300 ## - PHYSICAL DESCRIPTION
Extent xix+735
300 ## - PHYSICAL DESCRIPTION
Dimensions CD1353
650 ## - SUBJECT ADDED ENTRY--TOPICAL TERM
Topical term or geographic name entry element Foundation,robotics,:,control
942 ## - ADDED ENTRY ELEMENTS (KOHA)
Koha item type Books
Holdings
Date last seen Total checkouts Full call number Accession number Uniform resource identifier Cost, total (INR) price Price effective from Category Lost status Damaged status Department Withdrawn status Home library Current library Shelving location Entry date Vendor Cost, normal purchase price Grants Billnumber Billdate Currency symbol Conversion rate Discount Old discount
26/01/2024   621.367 PRA;3 27915 digital/contents/19293.pdf 131.25 26/01/2024 Books     Central Library   Central Library Central Library Central Library 07/05/2004 I K International 175.00 CS 113 27/01/2006 AUS DOLLAR 1 43.75 25

© For any Suggestions or Query, please contact the library staff @ librarian@pes.edu or Phone: +9180 2672 1983/ 2108.